| 000 -LEADER |
| fixed length control field |
00979nam a2200277Ia 4500 |
| 001 - CONTROL NUMBER |
| control field |
21306 |
| 003 - CONTROL NUMBER IDENTIFIER |
| control field |
GE_BSU |
| 005 - DATE AND TIME OF LATEST TRANSACTION |
| control field |
20211022174731.0 |
| 008 - FIXED-LENGTH DATA ELEMENTS--GENERAL INFORMATION |
| fixed length control field |
181216s2014||||cc |||||||||||||| ||eng|| |
| 020 ## - INTERNATIONAL STANDARD BOOK NUMBER |
| International Standard Book Number |
9781449363758 |
| 040 ## - CATALOGING SOURCE |
| Transcribing agency |
GE_BSU |
| 080 ## - UNIVERSAL DECIMAL CLASSIFICATION NUMBER |
| Universal Decimal Classification number |
004.052 S-66 |
| 100 ## - MAIN ENTRY--PERSONAL NAME |
| Personal name |
Sklar, David |
| 9 (RLIN) |
12737 |
| 245 ## - TITLE STATEMENT |
| Title |
PHP Cookbook, Solutions & Examples for PHP Programmers / |
| Statement of responsibility, etc. |
David Sklar, Adam Trachtenberg ; Editors Rachel Roumeliotis and Allyson MacDonald. |
| 250 ## - EDITION STATEMENT |
| Edition statement |
3rd edition |
| 264 ## - PRODUCTION, PUBLICATION, DISTRIBUTION, MANUFACTURE, AND COPYRIGHT NOTICE |
| Place of production, publication, distribution, manufacture |
Beijing : |
| Name of producer, publisher, distributor, manufacturer |
O'reilly, |
| Date of production, publication, distribution, manufacture, or copyright notice |
2014. |
| 300 ## - PHYSICAL DESCRIPTION |
| Extent |
794 p. ; |
| Dimensions |
24 cm. |
| 653 ## - INDEX TERM--UNCONTROLLED |
| keyword |
PHP Cookbook, Solutions & Examples for PHP Programmers |
| 653 ## - INDEX TERM--UNCONTROLLED |
| keyword |
Информационные технологии |
| 653 ## - INDEX TERM--UNCONTROLLED |
| keyword |
საინფორმაციო ტექნოლოგიები |
| 700 ## - ADDED ENTRY--PERSONAL NAME |
| Personal name |
Trachtenberg, Adam |
| Relator term |
by |
| 9 (RLIN) |
12738 |
| 700 ## - ADDED ENTRY--PERSONAL NAME |
| Personal name |
Roumeliotis, Rachel |
| Relator term |
Editor |
| 9 (RLIN) |
12739 |
| 700 ## - ADDED ENTRY--PERSONAL NAME |
| Personal name |
MacDonald, Allyson |
| Relator term |
Editor |
| 9 (RLIN) |
12736 |
| 942 ## - ADDED ENTRY ELEMENTS (KOHA) |
| Koha item type |
წიგნი |
| Source of classification or shelving scheme |
|